| 000 | 00683nam a22001937a 4500 | ||
|---|---|---|---|
| 999 |
_c16186 _d16186 |
||
| 008 | 210615b ||||| |||| 00| 0 eng d | ||
| 020 | _a9786210403800 | ||
| 082 |
_22020 _aDFil 338.4791 _bD717 |
||
| 100 |
_aDonesa, Lynn U., _dauthor. _943345 |
||
| 245 |
_aGlobal culture and tourism geography/ _cLynn U. Donesa, Lilibeth Aragon, Authors. |
||
| 250 | _aFirst Edition | ||
| 260 |
_aManila: _bRex Bookstore, _c©2020. |
||
| 300 |
_aiii, 276 pages: _billustrations; _c25 cm. |
||
| 500 | _aIncludes bibliographical references and index. | ||
| 650 |
_aTourism _943346 |
||
| 700 |
_aAragon, Lilibeth, _bAuthor. _943347 |
||
| 700 |
_aCruz, Reil G., _bCoordinator. _943348 |
||
| 942 |
_2ddc _cDFIL |
||